<?xml version="1.0" encoding="UTF-8"?>
<collection xmlns="http://www.loc.gov/MARC21/slim">
 <record>
  <leader>01018pam a22002418a 4500</leader>
  <controlfield tag="001">00024095</controlfield>
  <controlfield tag="005">20171026081023.0</controlfield>
  <controlfield tag="008">110712s1998                  ||||||Viesd</controlfield>
  <datafield tag="041" ind1="0" ind2="#">
   <subfield code="a">Vie</subfield>
  </datafield>
  <datafield tag="082" ind1="1" ind2="4">
   <subfield code="a">636.089</subfield>
   <subfield code="b">S312L</subfield>
  </datafield>
  <datafield tag="100" ind1="0" ind2="#">
   <subfield code="a">Nguyễn Quang Mai</subfield>
  </datafield>
  <datafield tag="245" ind1="0" ind2="0">
   <subfield code="a">Sinh lí học vật nuôi</subfield>
   <subfield code="b">Giáo trình dùng cho sinh viên các trường Cao dẳng sư phạm</subfield>
   <subfield code="c">Nguyễn Quang Mai; Cù Xuân Dần</subfield>
  </datafield>
  <datafield tag="260" ind1="#" ind2="#">
   <subfield code="a">H.</subfield>
   <subfield code="b">Giáo Dục</subfield>
   <subfield code="c">1998</subfield>
  </datafield>
  <datafield tag="300" ind1="#" ind2="#">
   <subfield code="a">159 tr.</subfield>
   <subfield code="c">27 cm.</subfield>
  </datafield>
  <datafield tag="650" ind1="#" ind2="4">
   <subfield code="a">Sinh lí học</subfield>
  </datafield>
  <datafield tag="650" ind1="#" ind2="4">
   <subfield code="a">Vật nuôi</subfield>
  </datafield>
  <datafield tag="700" ind1="0" ind2="#">
   <subfield code="a">Cù Xuân Dần</subfield>
  </datafield>
  <datafield tag="852" ind1="#" ind2="#">
   <subfield code="b">Kho giáo trình</subfield>
   <subfield code="j">KGT.0012661, KGT.0012662, KGT.0012663, KGT.0012664, KGT.0012665, KGT.0012666, KGT.0012667</subfield>
  </datafield>
  <datafield tag="852" ind1="#" ind2="#">
   <subfield code="b">Kho mượn</subfield>
   <subfield code="j">KGT.0012661</subfield>
  </datafield>
  <datafield tag="852" ind1="#" ind2="#">
   <subfield code="b">Kho đọc</subfield>
   <subfield code="j">KD.0009109</subfield>
  </datafield>
  <datafield tag="852" ind1="#" ind2="#">
   <subfield code="j">KGT.0012662</subfield>
   <subfield code="j">KGT.0012666</subfield>
   <subfield code="j">KGT.0012667</subfield>
   <subfield code="j">KD.0009109</subfield>
   <subfield code="j">KGT.0012665</subfield>
   <subfield code="j">KGT.0012661</subfield>
   <subfield code="j">KGT.0012663</subfield>
   <subfield code="j">KGT.0012664</subfield>
  </datafield>
  <datafield tag="910" ind1=" " ind2=" ">
   <subfield code="d">12/07/2011</subfield>
  </datafield>
  <datafield tag="980" ind1="#" ind2="#">
   <subfield code="a">Trung tâm Học liệu Lê Vũ Hùng, Trường Đại học Đồng Tháp</subfield>
  </datafield>
 </record>
</collection>
